Language discourse style (Record no. 133204)

MARC details
000 -LEADER
fixed length control field 00887nam a2200265Ia 4500
003 - CONTROL NUMBER IDENTIFIER
control field OSt
005 - DATE AND TIME OF LATEST TRANSACTION
control field 20220918170228.0
008 - FIXED-LENGTH DATA ELEMENTS--GENERAL INFORMATION
fixed length control field 220917b |||||||| |||| 00| 0 eng d
020 ## - INTERNATIONAL STANDARD BOOK NUMBER
International Standard Book Number 978 90 272 3411 7 (hbk)
037 ## - SOURCE OF ACQUISITION
Terms of availability Textual
040 ## - CATALOGING SOURCE
Original cataloging agency ARTS
Transcribing agency ARTS
Language of cataloging eng
041 ## - LANGUAGE CODE
Source of code eng
Language code of text/sound track or separate title eng
100 ## - MAIN ENTRY--PERSONAL NAME
Personal name Zyngier Sonia Ed.
9 (RLIN) 27818
245 #0 - TITLE STATEMENT
Title Language discourse style
Remainder of title selected works of John McH. Sinclair
260 ## - PUBLICATION, DISTRIBUTION, ETC.
Place of publication, distribution, etc. Amsterdam
Name of publisher, distributor, etc. John Benjamins Publishing Company The Natherlands
Date of publication, distribution, etc. 2016
300 ## - PHYSICAL DESCRIPTION
Extent xxiii,282p.
Dimensions cm.
490 ## - SERIES STATEMENT
Series statement Linguistic approaches to literature (LAL); 22
650 ## - SUBJECT ADDED ENTRY--TOPICAL TERM
Topical term or geographic name entry element LINGUISTICS
942 ## - ADDED ENTRY ELEMENTS (KOHA)
Classification part P111, Q6
Koha item type Textual
Source of classification or shelving scheme Colon Classification (CC)
Holdings
Withdrawn status Lost status Damaged status Not for loan Home library Current library Date acquired Source of acquisition Total Checkouts Full call number Barcode Date last seen Price effective from Koha item type
        Arts Library Arts Library 2022-09-18 1322, 06/03/2017, Bright Book Service   P111 Q6 AL1630413 2022-09-18 2022-09-18 Textual
Copyright @ Delhi University Library System